Politica y comercio en el sur de Mexico 1750-1821 / (Record no. 45448)
[ view plain ]
| 000 -LEADER | |
|---|---|
| campo de control de longitud fija | 00731cam a2200229 i 4500 |
| 001 - NÚMERO DE CONTROL | |
| campo de control | 123159 |
| 005 - FECHA Y HORA DE LA ÚLTIMA TRANSACCIÓN | |
| campo de control | 20230410115644.0 |
| 008 - DATOS DE LONGITUD FIJA--INFORMACIÓN GENERAL | |
| campo de control de longitud fija | 160908s1976 mx a 000 0 spa |
| 041 0# - CÓDIGO DE IDIOMA | |
| Código de lengua del texto/banda sonora o título independiente | spa |
| 050 14 - SIGNATURA TOPOGRÁFICA DE LA BIBLIOTECA DEL CONGRESO | |
| Número de clasificación | HF3229 |
| Número de ítem | .H227 1976 |
| 100 1# - ENTRADA PRINCIPAL--NOMBRE DE PERSONA | |
| Nombre de persona | Hamnett, Brian R. |
| Forma completa/desarrollada del nombre | (Brian Roger), |
| Fechas asociadas al nombre | 1942- |
| 245 10 - MENCIÓN DEL TÍTULO | |
| Título | Politica y comercio en el sur de Mexico 1750-1821 / |
| Mención de responsabilidad, etc. | Brian R. Hamnett. |
| 260 ## - PUBLICACIÓN, DISTRIBUCIÓN, ETC. | |
| Lugar de publicación, distribución, etc. | Mexico : |
| Nombre del editor, distribuidor, etc. | IMCE, |
| Fecha de publicación, distribución, etc. | 1976. |
| 300 ## - DESCRIPCIÓN FÍSICA | |
| Extensión | 298 p. ; |
| Dimensiones | 23 cm. |
| 440 #0 - MENCIÓN DE SERIE/PUNTO DE ACCESO ADICIONAL--TÍTULO | |
| Título | Serie Historia del Comercio Exterior de Mexico: |
| Designación de volumen o secuencia | 12. |
| 504 ## - NOTA DE BIBLIOGRAFÍA, ETC. | |
| Nota de bibliografía, etc. | Incluye referencias bibliográficas e indice, p. 261-270. |
| 650 #4 - PUNTO DE ACCESO ADICIONAL DE MATERIA--TÉRMINO DE MATERIA | |
| Término de materia o nombre geográfico como elemento de entrada | CRV |
| 650 #4 - PUNTO DE ACCESO ADICIONAL DE MATERIA--TÉRMINO DE MATERIA | |
| Término de materia o nombre geográfico como elemento de entrada | Colección René Villarreal. |
| 651 #4 - PUNTO DE ACCESO ADICIONAL DE MATERIA--NOMBRE GEOGRÁFICO | |
| Nombre geográfico | Oaxaca |
| Subdivisión geográfica | México |
| -- | olítica comercial |
| 942 ## - ELEMENTOS DE ENTRADA SECUNDARIOS (KOHA) | |
| Fuente del sistema de clasificación o colocación | Clasificación de Library of Congress |
| Tipo de ítem Koha | |
| 946 ## - PROCESAMIENTO DE INFORMACIÓN LOCAL (OCLC) | |
| a | lmd |
| Estatus retirado | Estado de pérdida | Fuente del sistema de clasificación o colocación | Estado de daño | No para préstamo | Colección | Biblioteca de origen | Biblioteca actual | Ubicación en estantería | Fecha de adquisición | Serial enumeration / chronology | Signatura topográfica completa | Código de barras | Visto por última vez | Tipo de ítem Koha |
|---|---|---|---|---|---|---|---|---|---|---|---|---|---|---|
| Clasificación de Library of Congress | Ciencias Sociales | Biblioteca Juan Bosch | Biblioteca Juan Bosch | Ciencias Sociales (3er. Piso) | 10/04/2023 | 3 | HF3229 .H227 1976 | 00000116415 | 24/10/2018 |
